|
|
|
|
| LEADER |
00632nam a22001577a 4500 |
| 008 |
160907b xxu||||| |||| 00| 0 eng d |
| 999 |
|
|
|c 158949
|d 158949
|
| 020 |
|
|
|a .
|
| 082 |
|
|
|a 338.09
|
| 100 |
|
|
|a Smith, Ian G.
|
| 245 |
|
|
|a The measurement of productivity /
|c Ian G. Smith
|
| 260 |
|
|
|b Gower Press,
|c 1973.
|a London :
|
| 300 |
|
|
|a 167 p.
|
| 942 |
|
|
|c BK
|
| 952 |
|
|
|0 0
|1 0
|4 0
|6 338_090000000000000_SMI_M
|7 0
|9 173004
|a CMS
|b CMS
|c ST1
|d 2016-09-07
|i 3523
|l 0
|o 338.09 SMI/M
|p CMS3523
|r 2016-09-07
|w 2016-09-07
|y BK
|
| 952 |
|
|
|0 0
|1 0
|4 0
|6 338_090000000000000_SMI_M
|7 0
|9 173005
|a CMS
|b CMS
|c ST1
|d 2016-09-08
|i 3460
|l 0
|o 338.09 SMI/M
|p CMS3460
|r 2016-09-08
|w 2016-09-08
|y BK
|